01273nam a2200193Ia 4500001001100000003001000011008004100021040002500062041001600087100004500103245012200148250001100270260008500281300002800366500026400394501011400658520026400772650004301036A085-34615IT-CnALBA170116s9999||||xx |||||||||||||| ||und|| aIT-CnALBAcIT-CnALBA aPOLIGLOTTA  aBOSSUET JACQUES-BENIGNE VESCOVO DI MEAUX 0aOEUVRES DE MESSIRE JACQUES-BENIGNE BUSSUET. TOME XI. ELEVATIONS A DIEU SUR TOUS LES MYSTERES DE LA RELIGION CHRETIEN  a1a ed. a LIEGEbLIBRAIRES (LES) ASSOCIES c1767 [1° Ed.:1767 - Ed.Ling.Originale: 1767] a686 p. (prefazione: 14) aBIBLIOTECA CANONICO CHIESA. ELEVAZIONI A DIO SUI MISTERI DELLA VITA CRISTIANA. UNITÀ E PERFEZIONI DI DIO. SANTISSIMA TRINITÀ. CREAZIONE DELL'UNIVERS. DEGLI ANGELI E DELL'UOMO. CADUTA DELL'UOMO E TENTAZIONE. TRATTATO SUL LIBERO ARBITRIO. CONCUPISCENZA. CON aSocietà San Paolo EM - Piazza San Paolo, 14 - 12051 ALBA (CN) (non commercial uses only) ® Copyright 2017 aBIBLIOTECA CANONICO CHIESA. ELEVAZIONI A DIO SUI MISTERI DELLA VITA CRISTIANA. UNITÀ E PERFEZIONI DI DIO. SANTISSIMA TRINITÀ. CREAZIONE DELL'UNIVERS. DEGLI ANGELI E DELL'UOMO. CADUTA DELL'UOMO E TENTAZIONE. TRATTATO SUL LIBERO ARBITRIO. CONCUPISCENZA. CON aRACCOLTE DI CARATTERE GEN. IN ITALIANO